| 000 | 00900nam a2200205 a 4500 | ||
|---|---|---|---|
| 001 | 000023727 | ||
| 005 | 20200930022424.0 | ||
| 008 | 110112s1988 ru a r 000 | spa d | ||
| 020 | _a5050023505 | ||
| 040 |
_aDO-SdBNP _bspa _cBNPHU |
||
| 041 |
_arus _hspa _2Código de idioma MARC |
||
| 082 |
_axxx _bK19 |
||
| 240 | 1 | 0 |
_aMatч нa звание чемпиона мира пo шахматam : Каспаров-Карпов. Севилья-87 _lespañol |
| 245 | 1 | 0 |
_aCorona mundial de ajedrez Kasparov-Karpov : _bSevilla, 87 / _ccomentarios del gran maestro David Bronshtein ; traducción de O. Karandashov. |
| 260 |
_aMoscú : _bRáduga, _c1988. |
||
| 300 |
_a141 p. : _aill. ; _c17 cm. |
||
| 534 |
_aTítulo original : _tMatч нa звание чемпиона мира пo шахматam : Каспаров-Карпов. Севилья-87 |
||
| 700 | 1 |
_aKarandashov, O. _etr. _948854 |
|
| 049 | _aBNGR | ||
| 999 |
_c23223 _d23223 |
||